| 000 | 00950cam a2200169ua 4500 | ||
|---|---|---|---|
| 020 | _c6.00 | ||
| 041 |
_aeng _h |
||
| 082 |
_a627.8 _bIND/GU |
||
| 110 | 1 |
_aIndian standards institution . _bISI _c() |
|
| 245 | _aGuidelines for inspection and maintenance of dams and appurtanent structures,IS:9296-1979 | ||
| 260 |
_aNew Delhi : _bIndian standards institution , _c1980. |
||
| 300 | _a12 ; . | ||
| 365 | _a6.00 | ||
| 504 | _a | ||
| 942 | _cBK | ||
| 999 |
_c4679 _d4679 |
||